Countries Bordering These 3 - Statistics

General Stats
  • This quiz has been taken 33 times
  • The average score is 5 of 5
Answer Stats
Hint Answer % Correct
Chile and Bolivia Argentina, Peru
100%
France and Belgium Luxembourg, Germany, Netherlands
100%
Mali and Algeria Mauritania, Niger
93%
Laos and Thailand Myanmar, Cambodia
93%
Honduras and Guatemala Belize, El Salvador
89%
No matching quizzes found
Score Distribution
Percent of People with Each Score
Percentile by Number Answered
Your Score History
You have not taken this quiz